Nutritional biochemistry (Record no. 395611)

MARC details
000 -LEADER
fixed length control field 00526 a2200205 4500
005 - DATE & TIME
control field 20260415114528.0
008 - FIXED-LENGTH DATA ELEMENTS--GENERAL INFORMATION
fixed length control field 260415b |||||||| |||| 00| 0 eng d
020 ## - ISBN
International Standard Book Number 9788123925271
Price Rs. 450.00
040 ## - CATALOGING SOURCE
Original cataloging agency VIVEKANANDA LIBRARY
082 ## - DDC NUMBER
Classification number 572.4
Book Number S23N
100 ## - MAIN ENTRY--PERSONAL NAME
Personal name Sharma, D C
245 ## - TITLE STATEMENT
Title Nutritional biochemistry
260 ## - PUBLICATION, DISTRIBUTION, ETC. (IMPRINT)
Name of publisher, distributor, etc CBS Publishers
Date of publication, distribution, etc 2024
Place of publication, distribution, etc New Delhi
300 ## - PHYSICAL DESCRIPTION
Pages x, 178
650 ## - Subject
Subject Biochemistry
650 ## - Subject
Subject Nutrition
650 ## - Subject
Subject Biochemical Aspects of Nutrition
700 ## - Added Entry Personal Name
Added Entry Personal Name Sharma, Devanshi
942 ## - ADDED ENTRY ELEMENTS (KOHA)
Koha item type Books
Holdings
Withdrawn status Lost status Source of classification or shelving scheme Damaged status Not for loan Location (home branch) Sublocation or collection (holding branch) Shelving location Date acquired Koha issues (times borrowed) Koha full call number Accession No. Koha date last seen Koha item type
    Dewey Decimal Classification     VIVEKANANDA LIBRARY VIVEKANANDA LIBRARY IHTM Library 09/03/2026   572.4 S23N 425269 09/03/2026 Books
© Designed and Maintained by Vivekananda Library, MDU Rohtak